[Event "Women's Championship"]
[Site "Talbot Hotel Stillorgan, IE"]
[Date "2025.10.24"]
[Round "1"]
[White "Ferguson, Dayna"]
[Black "Mirza, Diana"]
[Result "0-1"]
[Board "1"]
[WhiteFideId "2509342"]
[BlackFideId "2503999"]
[BlackTitle "WFM"]
[WhiteElo "1808"]
[BlackElo "2004"]
[WhiteTeam "IRL"]
[BlackTeam "IRL"]
[WhiteClock "0:00:31"]
[BlackClock "0:12:43"]
[Variant "Standard"]

1. d4 {[%clk 1:30:57]}  Nf6 {[%clk 1:30:48]} 2. c4 {[%clk 1:31:17]}  c5 {[%clk 1:31:12]} 3. d5 {[%clk 1:31:41]}  b5 {[%clk 1:31:38]} 4. cxb5 {[%clk 1:32:05]}  a6 {[%clk 1:32:05]} 5. bxa6 {[%clk 1:32:29]}  g6 {[%clk 1:32:23]} 6. Nc3 {[%clk 1:32:44]}  Bxa6 {[%clk 1:32:47]} 7. e4 {[%clk 1:32:59]}  Bxf1 {[%clk 1:33:12]} 8. Kxf1 {[%clk 1:33:24]}  d6 {[%clk 1:33:36]} 9. g3 {[%clk 1:33:41]}  Bg7 {[%clk 1:33:56]} 10. Nf3 {[%clk 1:33:45]}  O-O {[%clk 1:33:51]} 11. Kg2 {[%clk 1:33:48]}  Nbd7 {[%clk 1:34:06]} 12. Qe2 {[%clk 1:32:12]}  Qb6 {[%clk 1:30:10]} 13. Nd2 {[%clk 1:10:47]}  Qb7 {[%clk 1:27:12]} 14. a4 {[%clk 0:59:54]}  e6 {[%clk 1:18:19]} 15. dxe6 {[%clk 0:33:23]}  fxe6 {[%clk 1:18:34]} 16. f3 {[%clk 0:33:34]}  d5 {[%clk 1:15:14]} 17. Rd1 {[%clk 0:32:50]}  d4 {[%clk 1:11:24]} 18. Nb5 {[%clk 0:32:35]}  Ne5 {[%clk 1:07:10]} 19. b4 {[%clk 0:23:59]}  d3 {[%clk 1:01:21]} 20. Qe3 {[%clk 0:24:11]}  Nfg4 {[%clk 0:58:28]} 21. Qxc5 {[%clk 0:18:34]}  Nxf3 {[%clk 0:56:45]} 22. Nd6 {[%clk 0:17:58]}  Qd7 {[%clk 0:48:15]} 23. Nxf3 {[%clk 0:16:21]}  Bxa1 {[%clk 0:48:08]} 24. Ba3 {[%clk 0:14:49]}  Qg7 {[%clk 0:40:34]} 25. a5 {[%clk 0:08:11]}  Rxf3 {[%clk 0:27:04]} 26. Kxf3 {[%clk 0:08:29]}  Bd4 {[%clk 0:27:26]} 27. Qb5 {[%clk 0:04:48]}  h5 {[%clk 0:21:19]} 28. Rxd3 {[%clk 0:02:06]}  Ne5+ {[%clk 0:20:02]} 29. Ke2 {[%clk 0:02:24]}  Nxd3 {[%clk 0:19:31]} 30. Qxd3 {[%clk 0:01:38]}  Rf8 {[%clk 0:17:47]} 31. b5 {[%clk 0:01:05]}  Rf2+ {[%clk 0:17:15]} 32. Ke1 {[%clk 0:01:01]}  Qf6 {[%clk 0:16:04]} 33. b6 {[%clk 0:00:50]}  Rxh2 {[%clk 0:12:11]} 34. Kd1 {[%clk 0:01:09]}  Qf2 {[%clk 0:12:09]} 35. Kc1 {[%clk 0:00:31]}  Rh1+ {[%clk 0:12:19]} 36. Qd1 {[%clk 0:00:31]}  Be3+ {[%clk 0:12:43]} 0-1

[Event "Women's Championship"]
[Site "Talbot Hotel Stillorgan, IE"]
[Date "2025.10.25"]
[Round "3"]
[White "Scott, Sarah"]
[Black "O`Gorman, Alice"]
[Result "1/2-1/2"]
[Board "2"]
[WhiteFideId "2507986"]
[BlackFideId "2508214"]
[WhiteElo "1959"]
[BlackElo "1960"]
[WhiteTeam "IRL"]
[BlackTeam "IRL"]
[WhiteClock "0:56:23"]
[BlackClock "0:41:06"]
[Variant "Standard"]

1. e4 {[%clk 1:30:58]}  c5 {[%clk 1:30:58]} 2. Nf3 {[%clk 1:31:24]}  d6 {[%clk 1:31:23]} 3. Bb5+ {[%clk 1:31:50]}  Nd7 {[%clk 1:31:41]} 4. c3 {[%clk 1:32:14]}  Ngf6 {[%clk 1:31:02]} 5. Qe2 {[%clk 1:32:40]}  a6 {[%clk 1:30:09]} 6. Ba4 {[%clk 1:33:05]}  b5 {[%clk 1:29:08]} 7. Bc2 {[%clk 1:33:30]}  Bb7 {[%clk 1:28:11]} 8. d4 {[%clk 1:33:37]}  g6 {[%clk 1:26:53]} 9. O-O {[%clk 1:34:01]}  Bg7 {[%clk 1:27:00]} 10. Rd1 {[%clk 1:33:33]}  O-O {[%clk 1:14:56]} 11. e5 {[%clk 1:26:30]}  Nd5 {[%clk 1:03:15]} 12. e6 {[%clk 1:24:46]}  N7b6 {[%clk 1:01:54]} 13. exf7+ {[%clk 1:22:10]}  Rxf7 {[%clk 1:00:30]} 14. Ng5 {[%clk 1:18:15]}  Rf6 {[%clk 1:00:23]} 15. Ne6 {[%clk 1:16:52]}  Qd7 {[%clk 0:57:39]} 16. Nxg7 {[%clk 1:16:06]}  Kxg7 {[%clk 0:58:04]} 17. Bg5 {[%clk 1:16:27]}  Rf7 {[%clk 0:57:06]} 18. dxc5 {[%clk 1:08:37]}  dxc5 {[%clk 0:56:30]} 19. Nd2 {[%clk 1:08:43]}  Qc7 {[%clk 0:53:48]} 20. Ne4 {[%clk 0:59:24]}  Qe5 {[%clk 0:41:06]} 21. Re1 {[%clk 0:56:23]} 1/2-1/2

[Event "Women's Championship"]
[Site "Talbot Hotel Stillorgan, IE"]
[Date "2025.10.26"]
[Round "4"]
[White "Arpita Jain"]
[Black "Mirza, Diana"]
[Result "0-1"]
[Board "5"]
[WhiteFideId "5093333"]
[BlackFideId "2503999"]
[BlackTitle "WFM"]
[WhiteElo "1625"]
[BlackElo "2004"]
[WhiteTeam "IND"]
[BlackTeam "IRL"]
[WhiteClock "0:38:18"]
[BlackClock "0:35:22"]
[Variant "Standard"]

1. e4 {[%clk 1:30:57]}  c5 {[%clk 1:30:57]} 2. Nf3 {[%clk 1:31:22]}  e6 {[%clk 1:31:22]} 3. d4 {[%clk 1:31:48]}  cxd4 {[%clk 1:31:48]} 4. Nxd4 {[%clk 1:32:12]}  a6 {[%clk 1:32:15]} 5. Be3 {[%clk 1:32:28]}  Qc7 {[%clk 1:31:54]} 6. Bd3 {[%clk 1:31:55]}  Nf6 {[%clk 1:32:01]} 7. Nd2 {[%clk 1:31:41]}  Nc6 {[%clk 1:30:46]} 8. Nxc6 {[%clk 1:31:45]}  bxc6 {[%clk 1:31:01]} 9. O-O {[%clk 1:31:51]}  d5 {[%clk 1:27:17]} 10. exd5 {[%clk 1:27:57]}  cxd5 {[%clk 1:25:58]} 11. Re1 {[%clk 1:26:55]}  Bd6 {[%clk 1:25:44]} 12. h3 {[%clk 1:27:02]}  O-O {[%clk 1:24:35]} 13. Bg5 {[%clk 1:26:11]}  Be5 {[%clk 1:22:34]} 14. c3 {[%clk 1:26:36]}  h6 {[%clk 1:22:40]} 15. Be3 {[%clk 1:25:46]}  a5 {[%clk 1:16:33]} 16. Nf3 {[%clk 1:23:49]}  Bd6 {[%clk 1:16:48]} 17. Bd4 {[%clk 1:24:06]}  Nd7 {[%clk 1:15:44]} 18. Bc2 {[%clk 1:23:30]}  e5 {[%clk 1:14:42]} 19. Be3 {[%clk 1:06:55]}  Rb8 {[%clk 1:07:26]} 20. Rb1 {[%clk 1:07:16]}  e4 {[%clk 1:05:56]} 21. Nd4 {[%clk 1:07:05]}  Ne5 {[%clk 1:06:01]} 22. Qh5 {[%clk 1:00:51]}  f5 {[%clk 0:55:01]} 23. Bb3 {[%clk 0:56:28]}  Rxb3 {[%clk 0:48:03]} 24. axb3 {[%clk 0:54:51]}  f4 {[%clk 0:48:28]} 25. Nb5 {[%clk 0:54:18]}  fxe3 {[%clk 0:45:16]} 26. Nxc7 {[%clk 0:48:00]}  exf2+ {[%clk 0:45:42]} 27. Kh1 {[%clk 0:48:28]}  fxe1=Q+ {[%clk 0:45:53]} 28. Rxe1 {[%clk 0:48:56]}  Bxc7 {[%clk 0:46:12]} 29. Rd1 {[%clk 0:49:13]}  Ba6 {[%clk 0:42:05]} 30. g4 {[%clk 0:47:20]}  e3 {[%clk 0:38:06]} 31. g5 {[%clk 0:37:50]}  e2 {[%clk 0:36:16]} 32. Rg1 {[%clk 0:38:18]}  d4 {[%clk 0:35:22]} 0-1

[Event "Women's Championship"]
[Site "Talbot Hotel Stillorgan, IE"]
[Date "2025.10.26"]
[Round "5"]
[White "Fougerat, Emma"]
[Black "Ferguson, Dayna"]
[Result "1/2-1/2"]
[Board "2"]
[WhiteFideId "45107505"]
[BlackFideId "2509342"]
[WhiteElo "1792"]
[BlackElo "1808"]
[WhiteTeam "POR"]
[BlackTeam "IRL"]
[WhiteClock "0:03:07"]
[BlackClock "0:04:10"]
[Variant "Standard"]

1. c4 {[%clk 1:30:57]}  Nf6 {[%clk 1:30:53]} 2. g3 {[%clk 1:31:07]}  Nc6 {[%clk 1:31:06]} 3. Bg2 {[%clk 1:31:29]}  e6 {[%clk 1:31:29]} 4. Nf3 {[%clk 1:31:13]}  d5 {[%clk 1:31:50]} 5. cxd5 {[%clk 1:31:27]}  exd5 {[%clk 1:32:13]} 6. O-O {[%clk 1:31:36]}  Bf5 {[%clk 1:31:31]} 7. a3 {[%clk 1:30:21]}  a5 {[%clk 1:30:32]} 8. d3 {[%clk 1:25:41]}  h6 {[%clk 1:27:09]} 9. Nc3 {[%clk 1:25:09]}  Be7 {[%clk 1:23:05]} 10. Bd2 {[%clk 1:24:08]}  O-O {[%clk 1:20:19]} 11. Rb1 {[%clk 1:23:31]}  Qd7 {[%clk 1:14:28]} 12. Re1 {[%clk 1:23:45]}  Bg4 {[%clk 1:07:35]} 13. Bf4 {[%clk 1:01:30]}  Nh5 {[%clk 0:55:48]} 14. Bc1 {[%clk 0:57:53]}  Nf6 {[%clk 0:46:23]} 15. b3 {[%clk 0:56:38]}  Bxf3 {[%clk 0:36:22]} 16. Bxf3 {[%clk 0:55:48]}  Ne5 {[%clk 0:36:42]} 17. Bg2 {[%clk 0:55:11]}  c6 {[%clk 0:36:19]} 18. b4 {[%clk 0:52:21]}  axb4 {[%clk 0:33:23]} 19. axb4 {[%clk 0:52:36]}  d4 {[%clk 0:30:44]} 20. Na4 {[%clk 0:49:22]}  Qf5 {[%clk 0:27:17]} 21. h3 {[%clk 0:44:44]}  Ned7 {[%clk 0:25:54]} 22. Qb3 {[%clk 0:43:28]}  Qb5 {[%clk 0:24:24]} 23. Nc5 {[%clk 0:40:12]}  Bxc5 {[%clk 0:24:44]} 24. bxc5 {[%clk 0:40:30]}  Qxb3 {[%clk 0:25:05]} 25. Rxb3 {[%clk 0:40:46]}  Nxc5 {[%clk 0:25:25]} 26. Rb4 {[%clk 0:38:10]}  Ra4 {[%clk 0:25:17]} 27. Bd2 {[%clk 0:36:09]}  Rc8 {[%clk 0:21:02]} 28. Rc1 {[%clk 0:29:44]}  Rxb4 {[%clk 0:17:46]} 29. Bxb4 {[%clk 0:30:12]}  Na6 {[%clk 0:17:56]} 30. Ba5 {[%clk 0:25:38]}  Nc7 {[%clk 0:13:59]} 31. Bb6 {[%clk 0:22:49]}  Nb5 {[%clk 0:14:22]} 32. Rc4 {[%clk 0:22:59]}  Ra8 {[%clk 0:14:45]} 33. Bxd4 {[%clk 0:22:27]}  Nxd4 {[%clk 0:15:07]} 34. Rxd4 {[%clk 0:22:50]}  Ra1+ {[%clk 0:15:09]} 35. Kh2 {[%clk 0:23:04]}  Ra2 {[%clk 0:11:19]} 36. Bf3 {[%clk 0:23:25]}  Rb2 {[%clk 0:10:45]} 37. g4 {[%clk 0:22:29]}  Kf8 {[%clk 0:10:36]} 38. Kg3 {[%clk 0:21:24]}  g5 {[%clk 0:10:38]} 39. Rd8+ {[%clk 0:21:16]}  Ke7 {[%clk 0:09:25]} 40. Rh8 {[%clk 0:19:32]}  c5 {[%clk 0:09:28]} 41. Rxh6 {[%clk 0:17:23]}  b5 {[%clk 0:09:50]} 42. h4 {[%clk 0:15:21]}  gxh4+ {[%clk 0:10:11]} 43. Kxh4 {[%clk 0:15:49]}  b4 {[%clk 0:07:10]} 44. g5 {[%clk 0:15:55]}  Nd7 {[%clk 0:07:38]} 45. Rh7 {[%clk 0:08:04]}  Nf8 {[%clk 0:07:19]} 46. Rg7 {[%clk 0:07:45]}  Ne6 {[%clk 0:07:16]} 47. Rh7 {[%clk 0:07:50]}  Nf8 {[%clk 0:07:32]} 48. Rg7 {[%clk 0:07:37]}  Ne6 {[%clk 0:06:34]} 49. Rh7 {[%clk 0:05:03]}  Nf8 {[%clk 0:04:15]} 50. Rg7 {[%clk 0:03:07]}  Ne6 {[%clk 0:04:06]} 51. Rh7 {[%clk 0:03:07]}  Kf8 {[%clk 0:04:12]} 52. Bh5 {[%clk 0:03:04]}  Ke7 {[%clk 0:04:06]} 53. Rg7 {[%clk 0:03:04]}  Nf8 {[%clk 0:04:12]} 54. Bf3 {[%clk 0:03:07]}  Ng6+ {[%clk 0:04:10]} 1/2-1/2

[Event "Women's Championship"]
[Site "Talbot Hotel Stillorgan, IE"]
[Date "2025.10.27"]
[Round "6"]
[White "Petrenko, Maryna"]
[Black "Fougerat, Emma"]
[Result "1-0"]
[Board "1"]
[WhiteFideId "14197820"]
[BlackFideId "45107505"]
[WhiteTitle "WFM"]
[WhiteElo "2002"]
[BlackElo "1792"]
[WhiteTeam "UKR"]
[BlackTeam "POR"]
[WhiteClock "0:01:40"]
[BlackClock "0:00:45"]
[Variant "Standard"]

1. d4 {[%clk 1:30:56]}  d5 {[%clk 1:30:54]} 2. c4 {[%clk 1:31:16]}  e6 {[%clk 1:31:01]} 3. Nf3 {[%clk 1:31:40]}  Nf6 {[%clk 1:31:18]} 4. g3 {[%clk 1:32:04]}  dxc4 {[%clk 1:30:55]} 5. Bg2 {[%clk 1:31:59]}  c5 {[%clk 1:30:49]} 6. O-O {[%clk 1:31:31]}  Nc6 {[%clk 1:30:46]} 7. Qa4 {[%clk 1:31:48]}  Bd7 {[%clk 1:30:32]} 8. Qxc4 {[%clk 1:32:13]}  b5 {[%clk 1:30:23]} 9. Qd3 {[%clk 1:31:55]}  c4 {[%clk 1:30:01]} 10. Qd1 {[%clk 1:32:01]}  Rc8 {[%clk 1:30:05]} 11. Nbd2 {[%clk 1:30:42]}  Be7 {[%clk 1:26:45]} 12. e4 {[%clk 1:23:34]}  O-O {[%clk 1:14:04]} 13. a4 {[%clk 1:17:38]}  a6 {[%clk 1:12:55]} 14. axb5 {[%clk 1:16:36]}  axb5 {[%clk 1:13:04]} 15. e5 {[%clk 1:16:32]}  Nd5 {[%clk 1:10:40]} 16. Ne4 {[%clk 1:16:49]}  Qb6 {[%clk 1:08:22]} 17. Bg5 {[%clk 1:09:57]}  Bb4 {[%clk 1:05:09]} 18. Bd2 {[%clk 1:06:45]}  Be7 {[%clk 1:03:54]} 19. Bg5 {[%clk 0:58:59]}  Bb4 {[%clk 1:03:52]} 20. Be3 {[%clk 0:59:25]}  Na5 {[%clk 0:58:44]} 21. Nfg5 {[%clk 0:52:43]}  h6 {[%clk 0:50:44]} 22. Qh5 {[%clk 0:48:15]}  Be7 {[%clk 0:49:42]} 23. Nh3 {[%clk 0:40:04]}  f5 {[%clk 0:38:11]} 24. exf6 {[%clk 0:37:20]}  Bxf6 {[%clk 0:32:05]} 25. Nc5 {[%clk 0:30:03]}  Be8 {[%clk 0:19:37]} 26. Qg4 {[%clk 0:29:15]}  Nc7 {[%clk 0:18:09]} 27. d5 {[%clk 0:20:04]}  h5 {[%clk 0:17:50]} 28. Qe2 {[%clk 0:18:58]}  Nxd5 {[%clk 0:14:33]} 29. Bxd5 {[%clk 0:19:00]}  exd5 {[%clk 0:14:22]} 30. Nd7 {[%clk 0:17:36]}  Qc7 {[%clk 0:13:44]} 31. Nxf8 {[%clk 0:16:43]}  Kxf8 {[%clk 0:14:12]} 32. Bf4 {[%clk 0:14:23]}  Qb6 {[%clk 0:13:25]} 33. Rxa5 {[%clk 0:10:03]}  Qxa5 {[%clk 0:13:13]} 34. Bd6+ {[%clk 0:10:15]}  Kf7 {[%clk 0:12:43]} 35. Qxh5+ {[%clk 0:10:11]}  Ke6 {[%clk 0:11:06]} 36. Qg4+ {[%clk 0:10:23]}  Kxd6 {[%clk 0:10:25]} 37. Qxc8 {[%clk 0:10:49]}  Bd7 {[%clk 0:10:19]} 38. Qf8+ {[%clk 0:10:27]}  Kc6 {[%clk 0:09:46]} 39. Nf4 {[%clk 0:10:07]}  Qd2 {[%clk 0:06:44]} 40. Qa8+ {[%clk 0:09:05]}  Kd6 {[%clk 0:05:56]} 41. Qf8+ {[%clk 0:07:51]}  Kc6 {[%clk 0:06:20]} 42. Ra1 {[%clk 0:07:24]}  Bd4 {[%clk 0:04:58]} 43. Ra6+ {[%clk 0:02:00]}  Bb6 {[%clk 0:04:03]} 44. Qa8+ {[%clk 0:02:24]}  Kc5 {[%clk 0:03:00]} 45. Qxd5+ {[%clk 0:02:05]}  Qxd5 {[%clk 0:02:36]} 46. Nxd5 {[%clk 0:02:02]}  Bd8 {[%clk 0:01:54]} 47. Ra8 {[%clk 0:01:44]}  Bf6 {[%clk 0:00:41]} 48. Nxf6 {[%clk 0:02:07]}  gxf6 {[%clk 0:01:10]} 49. h4 {[%clk 0:02:05]}  Kb4 {[%clk 0:01:33]} 50. Rd8 {[%clk 0:02:14]}  Bg4 {[%clk 0:01:19]} 51. Rd5 {[%clk 0:02:05]}  f5 {[%clk 0:00:45]} 52. Kg2 {[%clk 0:01:40]} 1-0

[Event "Women's Championship"]
[Site "Talbot Hotel Stillorgan, IE"]
[Date "2025.10.27"]
[Round "6"]
[White "Ferguson, Dayna"]
[Black "Batbaatar, Manduhkai"]
[Result "1/2-1/2"]
[Board "4"]
[WhiteFideId "2509342"]
[BlackFideId "2523353"]
[WhiteElo "1808"]
[BlackElo "1645"]
[WhiteTeam "IRL"]
[BlackTeam "IRL"]
[WhiteClock "0:14:18"]
[BlackClock "0:31:50"]
[Variant "Standard"]

1. d4 {[%clk 1:30:58]}  d5 {[%clk 1:30:59]} 2. Nf3 {[%clk 1:31:20]}  Bf5 {[%clk 1:31:13]} 3. c4 {[%clk 1:31:26]}  dxc4 {[%clk 1:31:31]} 4. g3 {[%clk 1:31:39]}  h6 {[%clk 1:31:41]} 5. Bg2 {[%clk 1:31:41]}  Nc6 {[%clk 1:27:42]} 6. d5 {[%clk 1:23:55]}  Nb8 {[%clk 1:27:31]} 7. Qa4+ {[%clk 1:20:37]}  Nd7 {[%clk 1:25:21]} 8. Nd4 {[%clk 1:16:57]}  Bg6 {[%clk 1:22:28]} 9. O-O {[%clk 1:14:01]}  Ngf6 {[%clk 1:22:11]} 10. Nc3 {[%clk 1:14:01]}  a6 {[%clk 1:22:08]} 11. Qxc4 {[%clk 1:12:47]}  Nb6 {[%clk 1:19:17]} 12. Qb3 {[%clk 1:13:05]}  e5 {[%clk 1:14:21]} 13. Nf3 {[%clk 1:01:22]}  Bd6 {[%clk 1:12:05]} 14. a4 {[%clk 0:59:38]}  Rb8 {[%clk 1:11:07]} 15. a5 {[%clk 0:47:34]}  Nbd7 {[%clk 1:10:45]} 16. Qc4 {[%clk 0:46:09]}  O-O {[%clk 1:08:37]} 17. b4 {[%clk 0:46:24]}  Re8 {[%clk 1:06:00]} 18. e4 {[%clk 0:45:22]}  b5 {[%clk 1:04:00]} 19. Qe2 {[%clk 0:44:42]}  Bxb4 {[%clk 1:04:01]} 20. Qd3 {[%clk 0:32:40]}  Bxc3 {[%clk 1:03:13]} 21. Qxc3 {[%clk 0:30:07]}  Bxe4 {[%clk 1:02:09]} 22. Qc6 {[%clk 0:28:55]}  Qc8 {[%clk 1:00:19]} 23. Nh4 {[%clk 0:26:46]}  Bxg2 {[%clk 0:59:55]} 24. Kxg2 {[%clk 0:27:07]}  Qb7 {[%clk 0:59:48]} 25. Rd1 {[%clk 0:26:27]}  Qxc6 {[%clk 0:59:04]} 26. dxc6 {[%clk 0:26:55]}  Nc5 {[%clk 0:58:56]} 27. Be3 {[%clk 0:26:41]}  Nce4 {[%clk 0:57:35]} 28. Nf5 {[%clk 0:23:42]}  Red8 {[%clk 0:52:40]} 29. Bb6 {[%clk 0:21:08]}  Ne8 {[%clk 0:41:33]} 30. Ba7 {[%clk 0:16:40]}  Ra8 {[%clk 0:40:55]} 31. Rd7 {[%clk 0:17:02]}  Rxd7 {[%clk 0:33:41]} 32. cxd7 {[%clk 0:17:19]}  N8f6 {[%clk 0:33:01]} 33. Rd1 {[%clk 0:15:25]}  Nxd7 {[%clk 0:33:06]} 34. Rxd7 {[%clk 0:15:38]}  Rxa7 {[%clk 0:33:16]} 35. Ne7+ {[%clk 0:15:37]}  Kh7 {[%clk 0:31:50]} 36. Nc6 {[%clk 0:14:18]} 1/2-1/2